Nonrenewable resources <a> case for persistent fiscal surpluses

Salvato in:
Dettagli Bibliografici
Autore principale: Alier, Max
Altri autori: Kaufman, Martin
Natura: Libro
Lingua:inglese
Pubblicazione: Washington International Monetary Fund 1999
Serie:IMF working paper WP/99/44
Soggetti:
Tags: Aggiungi Tag
Nessun Tag, puoi essere il primo ad aggiungerne!!

MARC

LEADER 00000nam a2200000 4500
001 c116228
005 20221221083056.0
041 0 |a eng 
044 |a US 
245 1 0 |a Nonrenewable resources  |b <a> case for persistent fiscal surpluses  |c Prepared by Max Alier and Martin Kaufman 
264 1 |a Washington  |b International Monetary Fund  |c 1999 
300 |a 29 s. 
490 1 |a IMF working paper  |v WP/99/44 
830 0 |a IMF working paper  |v WP/99/44 
610 2 0 |a zisk 
610 2 0 |a zdroje finančné 
610 2 0 |a politika fiškálna 
610 2 0 |a modely 
610 2 0 |a Čile 
100 1 |a Alier, Max 
700 1 |a Kaufman, Martin